000 02234nam a2200697 i 4500
001 196328
003 ES-MaACL
005 20241010162407.0
007 ta
008 240913t19971997fr grb 000 0 fre d
017 _aDL 97-08153 (D1)
_bFR
020 _a222609203X (Br)
_c140 FRF
020 _a9782226246264 (br)
024 3 _a9782226092038
035 _a(OCoLC)416184579
035 _aurouen59263
035 _aocm36731914
035 _aDYNIX_BUNAN_305776
035 _abua29231
035 _aelec9648000348
035 _asib0903322
035 _afrBN022356351
035 _aFRBNF358634840000001
_zFRBNF35863484
035 _aflora39232
035 _a004096088
040 _aABES
_bfre
_eAFNOR
_cES-MaACL
_dES-MaACL
041 0 _2639-2
050 4 _aB2017
080 _a1
_2Éd. 1967
082 0 _a194
_222
084 _a194.
_2Dewey
084 _a840.
_2Dewey
084 _a848.5.
_2Dewey
100 _0(IdRef)050138480
_1http://www.idref.fr/050138480/id
_aSchmitt, Éric-Emmanuel
_9238698
245 1 0 _aDiderot ou La philosophie de la séduction /
_cEric-Emmanuel Schmitt.
246 1 3 _aLa philosophie de la séduction
260 _aParis :
_bAlbin Michel,
_ccop. 1997
300 _a327 p. ;
_c23 cm.
336 _btxt
_2rdacontent
_atexto
337 _bn
_2rdamedia
_asin mediación
337 _bn
_2isbdmedia
_asin mediación
338 _bnga
_2RDAfrCarrier
_avolumen
490 1 _aBibliothèque Albin Michel. Idées
500 _aAutres tirages : 2009, 2013.
504 _aBibliographie p. 327-[328]
600 0 4 _aDiderot, Denis-
_d1713-1784
_xCrítica e interpretación
_2ram
_944512
830 _aBibliothèque Albin Michel des idées
_9238700
852 _aES-MaACL
_cDEPO1
_hDonación: José Manuel Duarte Cendán
_9204044
_jA-15386
903 _9238529
_aDuarte Cendán, José Manuel
_q1
_ednr
942 _n0
_cMONOGRAFIA
999 _c196328
_d196328
999 _b335222103a
999 _b0SM
999 _b341722103p
999 _b315552102p
999 _b751052102sa
999 _b930662101m2
999 _bPHI3A